Súčasné trendy marketingu v praxi

Charakteristika globalizácie ako dvojsmerného procesu. Riadenie podniku na globálnych svetových trhoch. Vplyv globalizácie ma marketing v praxi. Výsledky realizovaného výskumu.

Salvato in:
Dettagli Bibliografici
Autore principale: Čihovská, Viera
Natura: Capitolo di libro
Lingua:slovacco
Soggetti:
Tags: Aggiungi Tag
Nessun Tag, puoi essere il primo ad aggiungerne!!

MARC

LEADER 00000naa$a2200000$$$4500
001 0045718
005 20240502071528.9
041 0 |a slo 
044 |a SK 
245 1 0 |a Súčasné trendy marketingu v praxi  |c Viera Čihovská 
520 |a Charakteristika globalizácie ako dvojsmerného procesu. Riadenie podniku na globálnych svetových trhoch. Vplyv globalizácie ma marketing v praxi. Výsledky realizovaného výskumu. 
610 2 0 |a marketing 
610 2 0 |a globalizácia 
610 2 0 |a marketing globálny 
610 2 0 |a stratégia marketingová 
610 2 0 |a konkurencia 
610 2 0 |a trh 
610 2 0 |a firmy 
100 1 |a Čihovská, Viera